Statistiques concernant Nommer les 14 pays OPEP

Cliquez ici pour prendre le quiz!

Statistiques générales

  • Ce quiz a été pris 21 fois
  • Le résultat moyen est 8 sur 14

Statistiques - réponses

HintRéponse% Correct
Arabie Saoudite
93%
IIrak
93%
Iran
93%
KKoweit
93%
VVenezuela
93%
EEmirats Arabes Unis
80%
AAlgérie
53%
LLibye
47%
NNigeria
40%
Angola
27%
GGuinée Équatoriale
27%
CCongo
20%
Gabon
20%
Équateur
7%

Distribution des résultats

Percentile par nombre de réponses

% des personnes avec chaque résultat

Votre développement - résultats

Vous n’avez pas pris ce quiz